000 00337nam a22001457a 4500
008 230616b ||||| |||| 00| 0 eng d
020 _a9781680361261
041 _aeng
080 _2THIRD EDITION
_a37
082 _a37SWA
100 _a23
101 _aEDU
245 _aPRINCIPLES OF ORAL COMMUNICATION
_cSWAVEY SH
942 _2udc
_cBK
999 _c60008
_d60008